00237nam a2200085Ia 450000100070000000500170000700800410002424500510006526000350011695672620250826215830.0250824s9999 xx 000 0 und d 0aGERÇEK ÖZGÜRLÜKcDOĞAN CÜCELOĞLU bREMZİ KİTABEVİ YAYINLARI